Welcome to the Holygrace Academy Library

Please use search bar below to get started

GREAT FUNNY ONE LINERS (Record no. 5702)

MARC details
000 -LEADER
fixed length control field 00261nam a22001217a 4500
082 ## - DEWEY DECIMAL CLASSIFICATION NUMBER
Classification number 827
Item number ALL/G
100 ## - MAIN ENTRY--AUTHOR NAME
Personal name ALLEN, FRANK
245 ## - TITLE STATEMENT
Title GREAT FUNNY ONE LINERS
260 ## - PUBLICATION, DISTRIBUTION, ETC. (IMPRINT)
Place of publication MUMBAI
Name of publisher JAICO PUBLISING HOUSE
300 ## - PHYSICAL DESCRIPTION
Number of Pages 30
650 ## - SUBJECT ADDED ENTRY--TOPICAL TERM
Topical Term JOKES
Geographic subdivision INDIA
942 ## - ADDED ENTRY ELEMENTS (KOHA)
Koha item type Books
Holdings
Withdrawn status Lost status Collection code Home library Current library Shelving location Date acquired Source of acquisition Full call number Accession Number Koha item type
    Non-fiction Main Library Main Library SHELF 15E--PSYCHOLOGY,JOKES 25/09/2009 purchase 827 ALL/G 03473 Books